000 00923cam a22002771 4500
001 rc 01000309
003 DLC
005 20260227111859.0
007 cr_|||||||||||
008 790523s1881 cauacf 000 0 eng
010 _arc 01000309
035 _a(OCoLC)4994580
040 _aDLC
_cUU
_dCSmH
_dDLC
042 _apremarc
043 _an-us-nv
050 0 0 _aF841
_b.A5
100 1 _aAngel, Myron,
_eed.
245 1 0 _aHistory of Nevada;
_cwith illustrations and biographical sketches of its prominent men and pioneers.
260 _aOakland, Cal.,
_bThompson and West,
_c1881.
300 _axiv,680p.
_billus.,plates(part double)ports.
_c30cm.
500 _a"Editor's introductory" signed: Myron Angel.
530 _aAlso available in digital form on the Internet Archive Web site.
651 0 _aNevada
_xHistory.
651 0 _aNevada
_vBiography.
856 4 1 _uhttp://hdl.loc.gov/loc.gdc/scd0001.00141342952
999 _c51773
_d51773